Nationalité footballeurs - Statistiques

Statistiques générales
  • Ce quiz a été pris 11 732 fois
  • Le résultat moyen est 31 sur 38
Statistiques - réponses
Joueur Pays % Correct
Diego Maradona Argentine
100%
Pelé Brésil
100%
Andres Iniesta Espagne
96%
Thierry Henry France
96%
Cristiano Ronaldo Portugal
96%
Luis Suarez Uruguay
96%
Wayne Rooney Angleterre
94%
Mohamed Salah Egypte
94%
Zlatan Ibrahimovic Suède
94%
Eden Hazard Belgique
93%
Andrea Pirlo Italie
93%
Robert Lewandoski Pologne
93%
Luka Modric Croatie
92%
Sadio Mané Sénégal
92%
Johan Cruyff Pays bas
91%
Lothar Matthaus Allemagne
90%
Samuel Eto'o Cameroun
89%
Arturo Vidal Chili
88%
Radamel Falcao Colombie
87%
Didier Drogba Côte d'ivoire
87%
Robert Keane Irlande
84%
Hidetoshi Nakata Japon
83%
Lev Yashine Russie
83%
Andriy Shevchenko Ukraine
83%
Peter Schmeichel Danemark
81%
Pierre-Emerick Aubameyang Gabon
78%
Kenny Dalglish Ecosse
77%
Jay-Jay Okocha Nigeria
74%
Ryan Giggs Pays de Galles
73%
Hugo Sanchez Mexique
70%
Gheorghe Hagi Roumanie
68%
Jan Oblak Slovenie
68%
Pavel Nevded Republique Tchèque
66%
George Best Irlande du Nord
64%
Jari Litmanen Finlande
62%
Hristo Stoichkov Bulgarie
59%
Michael Essien Ghana
59%
George Weah Liberia
54%
Aucun quiz correspondant
Distribution des résultats
% des personnes avec chaque résultat
Percentile par nombre de réponses
Votre historique - résultats
Vous n’avez pas pris ce quiz